000
00324nam a22001337a 4500
008
181023b xxu||||| |||| 00| 0 eng d
020
_a
9780935637229
041
_a
eng
080
_a
370
100
_a
45
101
_a
EDU
245
_a
100 tHINGS eVERY College Freshman Ought To Know
_c
William.D
942
_2
udc
_c
BK
999
_c
50762
_d
50762